Economic Growth and Underdeveloped countries

Spremljeno u:
Bibliografski detalji
Glavni autor: Dobb, Maurice
Format: Knjiga
Jezik:Undetermined
Izdano: London Lawrence and Wishart 1963
Teme:
Oznake: Dodaj oznaku
Bez oznaka, Budi prvi tko označuje ovaj zapis!
Thư viện lưu trữ: Trung tâm Học liệu Trường Đại học Cần Thơ
LEADER 00516nam a2200181Ia 4500
001 CTU_81356
008 210402s9999 xx 000 0 und d
082 |a 338.9 
082 |b D632 
100 |a Dobb, Maurice 
245 0 |a Economic Growth and Underdeveloped countries 
245 0 |c Maurice Dobb 
260 |a London 
260 |b Lawrence and Wishart 
260 |c 1963 
650 |a Developing countries,Economic development 
904 |i Trọng Hải 
980 |a Trung tâm Học liệu Trường Đại học Cần Thơ